[Event "4NCL Division 1d"]
[Site "Hinckley Island ENG"]
[Date "2014.03.23"]
[Round "8.178"]
[White "Atkins, Rita"]
[Black "Roberts, Lynda"]
[Result "1/2-1/2"]
[WhiteElo "2144"]
[BlackElo "1916"]
[PlyCount "100"]
[EventDate "2014.03.23"]
[WhiteTeam "Blackthorne Russia"]
[BlackTeam "Cambridge University 1"]

1. d4 f5 2. Nf3 Nf6 3. g3 g6 4. Bg2 Bg7 5. O-O O-O 6. b3 c6 7. Bb2 Ne4 8. c4 d6
9. e3 Nd7 10. Nc3 Nxc3 11. Bxc3 Nf6 12. d5 c5 13. a4 h6 14. h4 a5 15. Qc2 Qe8
16. Rae1 Bd7 17. Nd2 g5 18. hxg5 hxg5 19. e4 Qh5 20. f3 fxe4 21. Nxe4 Nxe4 22.
Rxe4 Rf7 23. Bxg7 Rxg7 24. Qe2 Re8 25. Kf2 Qg6 26. Rh1 Bf5 27. Re3 Qf6 28. Qd2
b6 29. Ree1 Rh7 30. Rxh7 Kxh7 31. Rh1+ Kg6 32. Bh3 Bxh3 33. Rxh3 Rh8 34. Rxh8
Qxh8 35. Qd3+ Kh6 36. Kg2 Qf6 37. Qe3 Kg7 38. Qe4 Qf7 39. Kh3 Qh5+ 40. Kg2 Qf7
41. Qg4 Kh6 42. f4 gxf4 43. Qxf4+ Qxf4 44. gxf4 Kg6 45. Kf3 Kf5 46. Kg3 Kf6 47.
Kg4 Kg6 48. f5+ Kf6 49. Kf4 Kf7 50. Kg5 Kg7 1/2-1/2

[Event "4NCL Division 1d"]
[Site "Hinckley Island ENG"]
[Date "2014.03.23"]
[Round "8.181"]
[White "Edwards, Jonathan"]
[Black "Houska, Jovanka"]
[Result "0-1"]
[WhiteElo "2155"]
[BlackElo "2408"]
[PlyCount "82"]
[EventDate "2014.03.23"]
[WhiteTeam "Grantham Sharks 2"]
[BlackTeam "Wood Green HK 2"]

1. Nf3 d5 2. b3 Bf5 3. Bb2 e6 4. g3 Nf6 5. Bg2 Bd6 6. O-O O-O 7. c4 c6 8. d3 h6
9. Nbd2 Bh7 10. e4 dxe4 11. dxe4 Be7 12. Qe2 a5 13. Rfd1 a4 14. e5 Nfd7 15. Ne4
Qc7 16. Nd6 Na6 17. Qd2 axb3 18. axb3 Ndc5 19. Qc3 Rfd8 20. Nd4 Qb6 21. h4 Nb4
22. Ba3 Nbd3 23. Bxc5 Nxc5 24. Rxa8 Rxa8 25. b4 Na4 26. Qa3 Bg6 27. c5 Qc7 28.
Ra1 Qb8 29. Nxc6 bxc6 30. Bxc6 Ra7 31. Bxa4 Bc2 32. Qf3 Bxd6 33. exd6 Bxa4 34.
Qe4 Bc6 35. Qd4 Rxa1+ 36. Qxa1 Qxb4 37. d7 Bxd7 38. Qa8+ Kh7 39. c6 Qe1+ 40.
Kh2 Qxf2+ 41. Kh3 Qf5+ 0-1

[Event "4NCL Division 1d"]
[Site "Hinckley Island ENG"]
[Date "2014.03.23"]
[Round "8.182"]
[White "Greet, Andrew N"]
[Black "Bremner, Adam"]
[Result "1-0"]
[WhiteElo "2431"]
[BlackElo "2190"]
[PlyCount "69"]
[EventDate "2014.03.23"]
[WhiteTeam "Wood Green HK 2"]
[BlackTeam "Grantham Sharks 2"]

1. d4 Nf6 2. c4 e6 3. Nc3 Bb4 4. e3 O-O 5. Nge2 c6 6. a3 Ba5 7. b4 Bc7 8. e4 d5
9. e5 Nfd7 10. cxd5 exd5 11. f4 Nb6 12. g3 f6 13. Bg2 fxe5 14. dxe5 N6d7 15.
O-O Qe7 16. Nd4 Kh8 17. e6 Nb6 18. f5 Be5 19. Bf4 Bf6 20. Qd3 a5 21. b5 c5 22.
Nde2 d4 23. Nd5 c4 24. Nxe7 cxd3 25. Nxc8 dxe2 26. Nxb6 exf1=Q+ 27. Rxf1 Ra7
28. a4 Re8 29. Rc1 g5 30. Bxb8 Rxb8 31. Nd7 Rd8 32. Nxf6 b6 33. Bc6 d3 34. Nd7
d2 35. Rd1 1-0

[Event "4NCL Division 1d"]
[Site "Hinckley Island ENG"]
[Date "2014.03.23"]
[Round "8.183"]
[White "Murphy, Hugh W"]
[Black "Pein, Malcolm"]
[Result "1/2-1/2"]
[WhiteElo "2153"]
[BlackElo "2360"]
[PlyCount "55"]
[EventDate "2014.03.23"]
[WhiteTeam "Grantham Sharks 2"]
[BlackTeam "Wood Green HK 2"]

1. e4 e5 2. Nf3 Nc6 3. Bb5 a6 4. Ba4 Nf6 5. O-O Be7 6. d3 d6 7. c3 O-O 8. Nbd2
b5 9. Bb3 Bb7 10. a4 Na5 11. Ba2 c5 12. Re1 Qc7 13. Nf1 c4 14. Ng3 g6 15. Bg5
Ne8 16. Bxe7 Qxe7 17. Nd2 Qc7 18. Qe2 Rc8 19. axb5 axb5 20. Ngf1 Nf6 21. Ne3
cxd3 22. Qxd3 Bc6 23. Nd5 Nxd5 24. Bxd5 Nb7 25. Nb3 Nc5 26. Nxc5 dxc5 27. Bxc6
Qxc6 28. Red1 1/2-1/2

[Event "4NCL Division 1d"]
[Site "Hinckley Island ENG"]
[Date "2014.03.23"]
[Round "8.184"]
[White "Cherniaev, Alexander"]
[Black "Varnam, Liam D"]
[Result "1/2-1/2"]
[WhiteElo "2430"]
[BlackElo "2115"]
[PlyCount "98"]
[EventDate "2014.03.23"]
[WhiteTeam "Wood Green HK 2"]
[BlackTeam "Grantham Sharks 2"]

1. d4 d5 2. Nf3 Nf6 3. g3 c5 4. Bg2 Nc6 5. O-O cxd4 6. Nxd4 e5 7. Nxc6 bxc6 8.
c4 Be6 9. Nc3 Qd7 10. Qa4 Rc8 11. cxd5 cxd5 12. Qxd7+ Kxd7 13. Rd1 Bc5 14. h3
Ke7 15. Bg5 d4 16. Nd5+ Bxd5 17. Bxd5 h6 18. Bxf6+ Kxf6 19. Rac1 Rhd8 20. Be4
Ke6 21. Bd3 f5 22. f3 Bb6 23. Kg2 g6 24. g4 h5 25. gxh5 gxh5 26. h4 Kf6 27. Kh3
Re8 28. Bb5 Rg8 29. Bd3 Rge8 30. Rxc8 Rxc8 31. Rg1 Re8 32. Bb5 Re7 33. Rg5 e4
34. fxe4 fxe4 35. Rxh5 d3 36. Rd5 dxe2 37. Bxe2 Re5 38. Rd7 Re7 39. Rd5 Re5 40.
Rd1 Rf5 41. Rf1 Rxf1 42. Bxf1 Bd4 43. b4 Kg7 44. Kg4 Bf2 45. h5 Bb6 46. Kf5 Bg1
47. Be2 Bf2 48. Ke5 Bg1 49. Kd5 Bf2 1/2-1/2

[Event "4NCL Division 1d"]
[Site "Hinckley Island ENG"]
[Date "2014.03.23"]
[Round "8.185"]
[White "Burrows, Martin P"]
[Black "Sahl, Sheila B"]
[Result "1/2-1/2"]
[WhiteElo "2167"]
[BlackElo "2196"]
[PlyCount "124"]
[EventDate "2014.03.23"]
[WhiteTeam "Grantham Sharks 2"]
[BlackTeam "Wood Green HK 2"]

1. e4 c5 2. Nf3 d6 3. d4 cxd4 4. Nxd4 Nf6 5. Nc3 a6 6. Bc4 e6 7. O-O Be7 8. Bb3
Qc7 9. f4 Nc6 10. Be3 b5 11. f5 Nxd4 12. Bxd4 O-O 13. Qf3 b4 14. fxe6 bxc3 15.
exf7+ Kh8 16. Bxc3 Bd7 17. Rae1 a5 18. Qg3 Qc5+ 19. Kh1 Nh5 20. Qh3 Bc8 21. Rf5
Bxf5 22. exf5 Bf6 23. Qxh5 Bxc3 24. bxc3 Qxc3 25. Qe2 g6 26. Rf1 d5 27. fxg6
hxg6 28. Bxd5 Rad8 29. Bb3 Kg7 30. a4 Rd2 31. Qg4 Qe5 32. h3 Rd4 33. Qf3 Rh4
34. Qf2 Re4 35. Kg1 Re2 36. Qf3 Qc5+ 37. Kh1 Qe5 38. Qf4 Qc3 39. Rd1 Re1+ 40.
Rxe1 Qxe1+ 41. Kh2 Rd8 42. Bd5 Qc3 43. Bb3 Qc5 44. Be6 Rd1 45. h4 Re1 46. Bd5
Qg1+ 47. Kh3 Qc5 48. Kh2 Qg1+ 49. Kg3 Qe3+ 50. Qxe3 Rxe3+ 51. Kf2 Rc3 52. Bb3
Kf8 53. Ke2 Rg3 54. Bd5 Rg4 55. c4 Rxh4 56. Kd3 Ke7 57. Kc3 Rf4 58. Kd3 Kd6 59.
Ke3 g5 60. Kd3 Ke5 61. Ke3 Rf6 62. Kd3 Kd6 1/2-1/2

[Event "4NCL Division 1d"]
[Site "Hinckley Island ENG"]
[Date "2014.03.23"]
[Round "8.186"]
[White "Grant, Jonathan IM"]
[Black "Birtwistle, Nigel"]
[Result "1/2-1/2"]
[WhiteElo "2255"]
[BlackElo "2138"]
[Annotator "Doe,John"]
[PlyCount "95"]
[EventDate "2014.03.23"]
[WhiteTeam "Wood Green HK 2"]
[BlackTeam "Grantham Sharks 2"]

1. c4 e5 2. g3 Nf6 3. Bg2 c6 4. d4 Bb4+ 5. Bd2 Bxd2+ 6. Qxd2 d6 7. Nc3 O-O 8.
e4 Be6 9. d5 cxd5 10. cxd5 Bd7 11. Nf3 b5 12. a3 a5 13. O-O Na6 14. Qe2 Qb6 15.
Nd2 Rfc8 16. Rfc1 Nc5 17. h3 b4 18. Nd1 Bb5 19. Qe3 Na4 20. Qxb6 Nxb6 21. Bf1
Bxf1 22. Kxf1 b3 23. f3 a4 24. Ne3 Rxc1+ 25. Rxc1 Rc8 26. Rc6 Rxc6 27. dxc6 g6
28. Ndc4 Nc8 29. g4 Kf8 30. g5 Nh5 31. Nd5 Nf4 32. Ncb6 Nxd5 33. Nxd5 Ke8 34.
Nc7+ Ke7 35. Nb5 Nb6 36. Nc3 Kd8 37. Ke2 Kc7 38. Kd3 Kxc6 39. Nd1 Kc5 40. Ne3
Kb5 41. Ng4 Nc4 42. Kc3 Kc5 43. h4 Kb5 44. Nh6 Ne3 45. Kd2 Nc4+ 46. Kc3 Ne3 47.
Kd2 Nc4+ 48. Kc3 {draw claimed} 1/2-1/2

[Event "4NCL Division 1d"]
[Site "Hinckley Island ENG"]
[Date "2014.03.23"]
[Round "8.187"]
[White "Kafka, Graeme"]
[Black "Hegarty, Sarah N"]
[Result "1/2-1/2"]
[WhiteElo "2046"]
[BlackElo "2094"]
[PlyCount "68"]
[EventDate "2014.03.23"]
[WhiteTeam "Grantham Sharks 2"]
[BlackTeam "Wood Green HK 2"]

1. e4 c5 2. Nf3 d6 3. d4 cxd4 4. Nxd4 Nf6 5. Nc3 a6 6. h3 e5 7. Nde2 b5 8. Bg5
Nbd7 9. g4 h6 10. Bxf6 Nxf6 11. Bg2 Bb7 12. a3 Be7 13. O-O O-O 14. Ng3 g6 15.
Re1 Rc8 16. Nf1 Qb6 17. Qd2 Kh7 18. Ne3 b4 19. axb4 Qxb4 20. Ra4 Qb6 21. b3 Bc6
22. Nc4 Qb7 23. Na5 Qc7 24. Nxc6 Qxc6 25. Rc4 Qb7 26. Ra4 Qc7 27. Rc4 Qa5 28.
Bf1 Rfd8 29. Rd1 Rxc4 30. Bxc4 Kg7 31. Qd3 Nd7 32. Nd5 Bh4 33. b4 Qa4 34. Bxa6
Nf6 1/2-1/2

[Event "4NCL Division 1d"]
[Site "Hinckley Island ENG"]
[Date "2014.03.23"]
[Round "8.188"]
[White "Hagesaether, Arne"]
[Black "Sainbayar, Anuurai"]
[Result "1-0"]
[WhiteElo "2136"]
[BlackElo "1686"]
[PlyCount "67"]
[EventDate "2014.03.23"]
[WhiteTeam "Wood Green HK 2"]
[BlackTeam "Grantham Sharks 2"]

1. e4 d6 2. f4 g6 3. Nf3 Bg7 4. Bc4 Bg4 5. Bxf7+ Kd7 6. Ne5+ dxe5 7. Qxg4+ Kc6
8. Qe6+ Qd6 9. Bxg8 Nd7 10. Qxd6+ cxd6 11. Bd5+ Kc7 12. fxe5 Bxe5 13. Na3 a6
14. c3 Rhf8 15. d4 Bg7 16. Bg5 Rae8 17. Rf1 e5 18. Rxf8 Rxf8 19. Nc2 h6 20. Bh4
b5 21. Ke2 Nb6 22. Bf2 Rf4 23. dxe5 Nxd5 24. exd6+ Kxd6 25. Bg3 Nxc3+ 26. bxc3
Be5 27. Rd1+ Ke6 28. Bxf4 Bxf4 29. g3 Be5 30. Nd4+ Kf6 31. Rf1+ Ke7 32. Nc6+
Ke6 33. Nxe5 Kxe5 34. Ke3 1-0